| 000 | 007570000a22002290004500 | ||
|---|---|---|---|
| 003 | LK-CoMWRAF | ||
| 005 | 20230920142048.0 | ||
| 008 | 230817t1979 ||||| |||| 00| 0 eng d | ||
| 020 | _a9038987654321 | ||
| 040 |
_aLK-CoMWRAF _dLK-CoMWRAF _eLK-CoMWRAF |
||
| 041 | _aeng | ||
| 082 |
_a301.41 _bHUS |
||
| 100 | _aHuston, Perdita | ||
| 245 |
_aThird World Women Speak Out: _bInterviews in Six Countries on Change, Development and basic needs |
||
| 260 |
_aNew York: _bPraeger Publishers, _c1979 |
||
| 300 | _axix, 153 p. ; 24 cm. | ||
| 650 | _aWOMEN-Developing contries-Atitudes | ||
| 650 | _aBasic needs -Developing countries | ||
| 650 | _aDeveloping countries -Social conditions | ||
| 856 | _uhttps://pdf.usaid.gov/pdf_docs/PNABF644.pdf | ||
| 942 | _cBK | ||
| 999 |
_c129 _d129 |
||